Manual de capacidad de carreteras

Gorde:
Xehetasun bibliografikoak
Formatua: Liburua
Hizkuntza:gaztelania
Argitaratua: Madrid Asociación Técnica de Carreteras 1987
Gaiak:
Etiketak: Etiketa erantsi
Etiketarik gabe, Izan zaitez lehena erregistro honi etiketa jartzen!

MARC

LEADER 00000nam a2200000 a 4500
001 UCV4644
003 CL-VaPUC
008 910114e19870000SP |||||||||||||||||spa|d
082 0 4 |a 388.1  |b MAN  |2 21 
245 1 0 |a Manual de capacidad de carreteras 
300 |a 636 p 
942 |c BK 
945 |d 19910114 00:00:00 
260 |a Madrid  |b Asociación Técnica de Carreteras  |c 1987 
650 0 |a Carreteras  |9 260132 
650 0 |a Derecho y legislación   |9 255077 
583 |a last modification  |c 19910114 00:00:00  |k Rodrigo Vera 
999 |c 211367  |d 211365 
952 |0 0  |1 0  |4 0  |6 388_100000000000000_MAN_1987  |7 0  |8 F  |9 190471  |a BIBING  |b BIBING  |d 2019-11-14  |i 2582562  |o 388.1 MAN 1987  |p 2582562  |r 2025-01-20  |w 2019-11-14  |y BK_F  |k TRA 
952 |0 0  |1 0  |4 0  |6 388_100000000000000_MAN_1987  |7 0  |8 F  |9 190472  |a BIBING  |b BIBING  |d 2019-11-14  |i 2599899  |o 388.1 MAN 1987  |p 2599899  |r 2025-01-20  |w 2019-11-14  |y BK_F  |k CCL